| 000 | 01200nam a2200325 i 4500 | ||
|---|---|---|---|
| 005 | 20220317000206.0 | ||
| 007 | ta | ||
| 008 | 210812s2007 sp ao er 000 0 spa d | ||
| 020 | _a9788497291033 | ||
| 040 |
_aCO-BoRNBP _bspa _erda _cCO-BoRNBP |
||
| 041 | 1 |
_hspa _afre |
|
| 082 | 0 | 4 |
_a796.087 _bE28 _222 |
| 100 | 1 |
_aPierre Garel, Jean _eautor |
|
| 245 | 1 | 0 |
_aEducación física y discapacidades motrices _cdirector Jean-Pierre Garel ; traducción Isabel Palau Casellas |
| 250 | _aPrimera edición | ||
| 264 | 1 |
_aBarcelona _bINDE _c2007 |
|
| 300 |
_a293 páginas _bilustraciones, fotografías a blanco y negro _c24 cm |
||
| 336 |
_atexto _btxt _2rdacontent |
||
| 337 |
_asin mediación _bn _2rdamedia |
||
| 338 |
_avolumen _bnc _2rdacarrier |
||
| 521 | _aRecomendado para un público adulto | ||
| 534 | _t Éducation physique et handicap moteur | ||
| 545 | _aIncluye datos biográficos del autor en la solapa | ||
| 650 | 1 | 7 |
_aEducación física para incapacitados físicamente _xEnseñanza _2LEMB |
| 650 | 1 | 7 |
_aEducación física _xEnseñanza _2LEMB |
| 650 | 1 | 7 |
_aEducación inclusiva _2LEMB |
| 650 | 1 | 7 |
_aInvalidos _2LEMB |
| 700 | 1 |
_aPalau Casellas,Isabel _etraductora _9180724 |
|
| 942 |
_2ddc _cBK |
||
| 999 |
_c3353 _d3353 |
||